| 000 | 00623nam a2200157Ia 4500 | ||
|---|---|---|---|
| 008 | 081213s9999 xx 000 0 und d | ||
| 020 | _a0521357721 | ||
| 050 |
_aHV5801 _b.B35 1984 |
||
| 100 | _aBakalar, James B. | ||
| 245 |
_aDrug control in a free society. _cJames B. Bakalar and Lester Grinspoon. |
||
| 260 |
_c1984 _aNew York. _bCambridge University Press. |
||
| 300 |
_aix, 174p. _c23cm. |
||
| 500 | _aIncludes bibliography and index. | ||
| 942 |
_cRES.NBI _2lcc |
||
| 999 |
_c11417 _d11417 |
||